000 01855nam a2200493 i 4500
001 18116
003 KOSZ 005
005 20200512112558.0
008 200512s1978 pl a f 000 0 pol
015 _aUWD 1979/1127
035 _a991013819639705066
035 _a(PL-WaBN)b13718344-48omnis_nlop
035 _ab13718344
035 _a(OCoLC)830255558
035 _a(PL)b0000001371834
035 _a(EXLNZ-48OMNIS_NETWORK)9910416908705606
040 _aWA N
_cWA N
_dKOSZ 005/RW
046 _k1978
080 _a620.197
080 _a(075.8)
100 1 _aKozłowski, Andrzej
_c(inżynieria materiałowa)
_eAutor
245 1 0 _aPowłoki ochronne :
_btechniki wytwarzania /
_cAndrzej Kozłowski, Jerzy Tymowski, Tadeusz Żak.
260 _aWarszawa :
_bPaństwowe Wydawnictwo Naukowe,
_c1978.
300 _a116, [3] stron :
_bilustracje, tablice, wykresy ;
_c24 cm.
336 _aTekst
_btxt
_2rdacontent
337 _aBez urządzenia pośredniczącego
_bn
_2rdamedia
338 _aWolumin
_bnc
_2rdacarrier
380 _aKsiążki
380 _aPublikacje dydaktyczne
388 _a1901-2000
388 _a1945-1989
504 _aBibliografia na stronie [119]. Spis polskich norm z dziedziny korozji i ochrony metali przed korozją na stronie [118].
521 8 _aSkrypt dla studentów wydziałów mechanicznych wyższych szkół technicznych.
650 7 _aPowłoki ochronne
_2DBN
650 7 _aTechnologia
655 7 _aPodręczniki akademickie
_2DBN
658 _aInżynieria i technika
700 1 _aTymowski, Jerzy
_eAutor
700 1 _aŻak, Tadeusz
_eAutor
710 2 _aPaństwowe Wydawnictwo Naukowe
_4pbl
856 _uhttp://koha.tu.koszalin.pl/cgi-bin/koha/opac-detail.pl?biblionumber=18116
_yKatalog online BPK
942 _2UKD
_cKS
999 _c18116
_d18116